|
|
|
|
| LEADER |
00847cam a2200229 7i4500 |
| 001 |
0000067907 |
| 005 |
20220406090000.0 |
| 020 |
|
|
|a 9780323244794
|
| 090 |
0 |
0 |
|a RC731
|b .D47 2020
|
| 245 |
1 |
0 |
|a Clinical manifestations and assessment of respiratory disease
|c Terry Des Jardins, George G. Burton.
|
| 264 |
|
|
|a St. Louis, Mo.:
|b Mosby Elsevier,
|c 2016.
|
| 300 |
|
|
|a 1 online resource ( 621 pages):
|b illustrations, text file, PDF.
|
| 336 |
|
|
|a text
|2 rdacontent
|
| 337 |
|
|
|a computer
|2 rdamedia
|
| 338 |
|
|
|a online resource
|2 rdacarrier
|
| 650 |
0 |
0 |
|a Respiratory Tract Diseases
|
| 650 |
0 |
0 |
|a Respiratory organs --
|x Diseases
|
| 655 |
0 |
0 |
|a Electronic books
|
| 856 |
4 |
2 |
|u http://library.unisel.edu.my/web/guest/mylibrary
|
| 997 |
|
|
|a Health Sciences, Faculty
|
| 998 |
|
|
|a Physiotherapy, Diploma
|
| 999 |
|
|
|a EBO0012267
|b EBOOK
|c EBOOK
|e Electronic resources
|